000 01866cam a22004454i 4500
003 PE-LiUPU
005 20250731173254.0
008 150625s1989 pe a r 000 0 spa d
020 _a0311170315
035 _a(Sirsi) i9780311170319
040 _aPE-LiUPU
_bspa
_cPE-LiUPU
_erda
049 _aPRUA
082 0 4 _a254.5
_bL26
_221
100 1 _aLarson, Pedro A.,
_eautor.
245 1 0 _aCrecimiento de la iglesia /
_cPedro A. Larson.
264 1 _aLima :
_bCasa Bautista,
_c1989.
300 _a270 páginas :
_bilustraciones ;
_c21 centímetros
336 _atext
_2rdacontent
337 _aunmediated
_2rdamedia
338 _avolume
_2rdacarrier
505 0 _aCrecimiento de la Iglesia-Eglecrecimiento -- La naturaleza de la iglesia -- Palabras Bíblicas que expresan la naturaleza de la Iglesia -- Misión y propósito -- Ministros y ministerio -- Bases bíblicas de crecimiento -- Ideas fundamentales de iglecrecimiento -- Necesidades sentidas e Iglecrecimiemto -- La historia y bases para la evaluación -- Mas que números -- Razones y obstáculos para el crecimiento -- Hacia una estrategia de crecimiento.
526 _aSEG42
526 _aSEG41
526 _aSEG40
526 _aSEG39
526 _aP94
526 _aP87
526 _aP86
526 _aP85
526 _aP77
526 _aP76
526 _aP35
650 0 4 _aCrecimiento de iglesia.
942 _2ddc
_cBOOK
949 _a254.5 L26
_wDEWEY
_c1
_i36370
_d2016-11-7
_e2016-11-3
_lCCODEBUL1
_mBUL
_n8
_r0
_sY
_tBOOK
_u2015-6-25
_xTEOLOGIA
_zUNKNOWN
_0COMPRA
_o.STAFF. Colección General
994 _aC0
_bPEPRU
596 _a1
999 _a254.5 L26
_wDEWEY
_c43646
_i36370
_d43646
_e2018-6-4
_f2021-11-10
_g5
_lCCODEBUL1
_mBUL
_n11
_p10.00
_q2
_r0
_sY
_tBOOK
_u2015-6-25
_xTEOLOGIA
_PP35
_0COMPRA
_o.STAFF. Colección Teología
980 _81
_gALBERTO SANCHEZ Responsable de Automatización